Catalog

Record Details

Catalog Search



Mercy  Cover Image CD Audiobook CD Audiobook

Mercy / David Baldacci.

Baldacci, David, (author.). Pressley, Brittany, (narrator.). Brewer, Kyf, (narrator.).

Summary:

For her entire life, FBI agent Atlee Pine has been searching for her twin sister, Mercy, who was abducted at the age of six and never seen again. Mercy's disappearance left behind a damaged family that later shattered beyond repair when Atlee's parents inexplicably abandoned her. Now, after a perilous investigation that nearly proved fatal, Atlee has finally discovered not only the reason behind her parents' abandonment and Mercy's kidnapping, but also the most promising breakthrough yet: proof that Mercy survived her abduction and then escaped her captors many years ago.

Record details

  • ISBN: 9781668602652
  • ISBN: 1668602652
  • ISBN: 9781549160592
  • ISBN: 1549160591
  • Physical Description: 10 audio discs (12 hr.) : CD audio, digital ; 4 3/4 in.
  • Edition: Unabridged.
  • Publisher: [New York] : Hachette Book Group, [2021]

Content descriptions

General Note:
Compact discs.
Participant or Performer Note:
Read by Brittany Pressley & Kyf Brewer.
Subject: United States. Federal Bureau of Investigation > Officials and employees > Fiction.
Missing persons > Investigation > Fiction.
Twin sisters > Fiction.
Family secrets > Fiction.
Investigations > Fiction.
Genre: Audiobooks.
Thrillers (Fiction)

Available copies

  • 1 of 1 copy available at scottsboropl.

Holds

  • 0 current holds with 1 total copy.
Show Only Available Copies
Location Call Number / Copy Notes Barcode Shelving Location Status Due Date
scottsboropl BK/CD Bal 32269001177040 Adult - Audiobook Available -

LDR 03431cim a2200793Ii 4500
001157246
003SBPL
00520211217140941.0
008211019s2021 nyunnnne f n eng d
007sd fsngnnmmned
020 . ‡a9781668602652 ‡q(Hachette Audio)
020 . ‡a1668602652 ‡q(Hachette Audio)
020 . ‡a9781549160592
020 . ‡a1549160591
0243 . ‡a9781549160592
02802. ‡a2-Y6059 ‡bHachette
035 . ‡a(OCoLC)1277217367 ‡z(OCoLC)1277081112
050 4. ‡aPS3552.A446 ‡bM47 2021ab
08204. ‡a813/.54 ‡223
1001 . ‡aBaldacci, David, ‡eauthor.
24510. ‡aMercy / ‡cDavid Baldacci.
250 . ‡aUnabridged.
264 1. ‡a[New York] : ‡bHachette Book Group, ‡c[2021]
300 . ‡a10 audio discs (12 hr.) : ‡bCD audio, digital ; ‡c4 3/4 in.
306 . ‡a115800
336 . ‡aspoken word ‡bspw ‡2rdacontent
337 . ‡aaudio ‡bs ‡2rdamedia
338 . ‡aaudio disc ‡bsd ‡2rdacarrier
340 . ‡b4 3/4 in. ‡2rda
344 . ‡adigital ‡2rdatr
344 . ‡boptical ‡2rdarm
344 . ‡gstereo ‡2rdapc
344 . ‡c1.4 m/s ‡2rda
347 . ‡aaudio file ‡2rdaft
347 . ‡bCD audio
4901 . ‡aAn Atlee Pine Thriller ; ‡vBook 4
500 . ‡aCompact discs.
5110 . ‡aRead by Brittany Pressley & Kyf Brewer.
520 . ‡aFor her entire life, FBI agent Atlee Pine has been searching for her twin sister, Mercy, who was abducted at the age of six and never seen again. Mercy's disappearance left behind a damaged family that later shattered beyond repair when Atlee's parents inexplicably abandoned her. Now, after a perilous investigation that nearly proved fatal, Atlee has finally discovered not only the reason behind her parents' abandonment and Mercy's kidnapping, but also the most promising breakthrough yet: proof that Mercy survived her abduction and then escaped her captors many years ago.
61010. ‡aUnited States. ‡bFederal Bureau of Investigation ‡xOfficials and employees ‡vFiction.
650 0. ‡aMissing persons ‡xInvestigation ‡vFiction.
650 0. ‡aTwin sisters ‡vFiction.
650 0. ‡aFamily secrets ‡vFiction.
650 0. ‡aInvestigations ‡vFiction.
655 7. ‡aAudiobooks. ‡2lcgft
655 7. ‡aThrillers (Fiction) ‡2lcgft
7001 . ‡aPressley, Brittany, ‡enarrator.
7001 . ‡aBrewer, Kyf, ‡enarrator.
8001 . ‡aBaldacci, David. ‡tAtlee Pine thriller. ‡sSpoken word ; ‡vbk. 4.
901 . ‡a157246 ‡b ‡c157246 ‡tbiblio

Additional Resources